|
|
|
|
| LEADER |
01221nam a2200325 a 4500 |
| 001 |
000072673 |
| 003 |
CZ BrMZK |
| 005 |
20220111150519.0 |
| 007 |
ta |
| 008 |
950313s1996 xr e 0 cze d |
| 015 |
|
|
|a cnb000148547
|
| 020 |
|
|
|a 80-85871-88-2
|
| 040 |
|
|
|a BOA001
|b cze
|
| 072 |
|
7 |
|a 22/24
|x Náboženství Dálného východu. Indická náboženství. Hinduismus. Buddhismus
|2 Konspekt
|9 5
|
| 080 |
|
|
|a 243.4
|2 MRF
|
| 080 |
|
|
|a (084.12)
|2 MRF
|
| 100 |
1 |
|
|a Breier, Pavol,
|d 1952-
|7 ola2002146885
|4 pht
|
| 245 |
1 |
0 |
|a Svět tibetského buddhismu /
|c fotografie: Pavol Breier, Josef Ptáček, Zdeněk Thoma ; text: Josef Kolmaš, Dušan Zbavitel, Ivana Grollová
|
| 250 |
|
|
|a Vyd. 1.
|
| 260 |
|
|
|a Praha :
|b Slovart,
|c 1996
|
| 300 |
|
|
|a 141 s. :
|b il., mapy ;
|c 34 cm
|
| 650 |
0 |
7 |
|a tibetský buddhismus
|7 ph116452
|2 czenas
|
| 655 |
|
7 |
|a fotografické publikace
|7 fd132276
|2 czenas
|
| 700 |
1 |
|
|a Thoma, Zdeněk,
|d 1938-
|7 jk01132349
|4 pht
|
| 700 |
1 |
|
|a Zbavitel, Dušan,
|d 1925-2012
|7 jk01152285
|4 aut
|
| 700 |
1 |
|
|a Grollová, Ivana,
|d 1963-
|7 jn19990209205
|4 aut
|
| 700 |
1 |
|
|a Kolmaš, Josef,
|d 1933-2021
|7 jk01061386
|4 aut
|
| 700 |
1 |
|
|a Ptáček, Josef,
|d 1946-
|7 jn19990209701
|4 pht
|
| 910 |
|
|
|a BOA001
|b 4-1021.667
|
| 990 |
|
|
|a BK
|